| 000 | 00723nam a22002177a 4500 | ||
|---|---|---|---|
| 005 | 20240604124340.0 | ||
| 010 | _aENG-140568 | ||
| 020 |
_c2,250.00 _a9788181715715 |
||
| 035 | _aEN-124100 | ||
| 037 | _aDBAD | ||
| 082 | _a591.954 | ||
| 100 |
_aChandra, Kailash _967311 |
||
| 245 |
_aFaunal Diversity of Biogeographical Zones of India: Semi Arid/ _cKailash Chandra...(et.al) |
||
| 260 |
_aKolkata _bDirector, Zoological Survey of India _cApril, 2021 |
||
| 270 |
_aM-Block, New Alipore, _bKolkata _e700053 |
||
| 300 |
_a256p. _c30 cm (hb) |
||
| 500 | _aIt is about zoology. | ||
| 650 |
_aZoology _967312 |
||
| 700 |
_aDirector Zoological Survery of India _967089 |
||
| 942 |
_2ddc _cEN _h591.954 _mFAU |
||
| 999 |
_c203495 _d203495 |
||